Регионална библиотека "Любен Каравелов" - Русе

Бунгало № 2 (Запис номер 80404)

MARC детайли
000 -Лидер
Контролно поле с фиксирана дължина 01338nam a2200337 c 4500
003 - Код на организацията, давaща контролен номер
Контролно поле BLK
005 - Дата и час на последна редакция
Контролно поле 20250417135629.0
008 - Елементи от данни с фиксирана дължина
fixed length control field 180408b bul|||||r ||||||| ||bul||
010 ## - Наследен системен номер
LC control number KNG00084890000
020 ## - Международен стандартен номер на книга ISBN
Международен стандартен номер на книга ISBN 978-954-585-939-7
-- издат.: Бард
040 ## - Източник на каталожния запис
Идентификатор на билиотеката - собственик на записа BLK
041 ## - Код за език
Код за езика на текст/звукозапис или на отделно заглавие Български
Код за езика КДБФ Български
080 ## - УДК
Текстов определител УДК Американска литература (на САЩ)
УДК код - определител по УДК 821.111(73)
УДК определител -31
УДК - код + определител 821.111(73)-31
100 1# - Редна дума - Автор
Автор Стийл, Даниел
Авторска отговорност първи автор
R(LIN) 363685
139 ## - Редно поле
Редна дума Стийл, Даниел
Авторски знак Сти - С 76
245 10 - Сведения за заглавието
Заглавие Бунгало № 2
Подзаглавни данни Роман
Редно поле (дума) Даниел Стийл; прев. от англ. Диана Янакиева Кутева; прев. от англ. Стамен Димов Стойчев.
257 ## - Страна на издаване
Страна на създаване/издаване Съединени американски щати
260 ## - Област на издателските данни
-- София
Име на издателя, разпространителя и проч. Бард
Година на издаване 2008
300 ## - Физическа характеристика
Страници 384 с.
Размери/Мащаб 20 см
380 ## - Жанр
Жанр Худож. лит.
500 ## - Общи забележки
Забележка Ориг. загл. Bungalow 2 / Danielle Steel.
653 ## - Ключова дума – ненормативна
Ключова дума романи
700 1# - Други автори (авторска отговорност)
Лично име Кутева, Диана Янакиева
Дати, свързани с автора 1955 -
9 (RLIN) 85939
700 1# - Други автори (авторска отговорност)
Лично име Стойчев, Стамен Димов
Автороска отговорност (Описва отношението между автора и произведението) прев. от англ.
9 (RLIN) 364706
852 ## - Местоположение
Форматна сигнатура Цб 240782
856 4# - Електронен адрес и достъп
Електронен формат pdf - файл
Път до файла /url/
856 4# - Електронен адрес и достъп
Електронен формат pdf - файл
Път до файла /url/
942 ## - АРТИКУЛИ
Вид на библиотечния материал Книги
Скрит в OPAC Не
Koha issues (borrowed), all copies 92
944 ## - СЪЗДАВАНЕ И РЕДАКЦИЯ на ЗАПИСА
Създаване/Редакция Създаване
Дата на регистрацията/редакция 19.08.2008
Статус, дата на статуса Цветомила Тодорова
Служител, извършил регистрацията/редакцията 30576
944 ## - СЪЗДАВАНЕ И РЕДАКЦИЯ на ЗАПИСА
Създаване/Редакция Редакция
Дата на регистрацията/редакция 29.12.2015
Статус, дата на статуса ф /
Служител, извършил регистрацията/редакцията Пенка_Димитрова
999 ## - СИСТЕМНИ КОНТРОЛНИ НОМЕРА
Koha biblionumber 80404
Koha biblioitemnumber 80404
Наличности
Код за отписване Код за изгубен артикул Източник на класификационната схема Код за повреда Коз за рестрикции Код за отдаване Артикулен № Име на библиотеката - собственик Име на библиотеката, в която се намира в момента Статус (Текущо местоположение) Дата на вписване в системата Местоположение - отдел Цена в лева Инвентарен номер Систематично азбучна сигнатура Баркод Номер на екземпляра Цена в евро Служебна бележка Служебен тип на артикула
  Не е изгубен Universal Decimal Classification Не е повреден без рестрикции заемане за дома 130357 Регионална библиотека "Любен Каравелов" Русе Регионална библиотека "Любен Каравелов" Русе Заемна - подръчен фонд 2008-08-19 Заемна - подръчен фонд 11.99 120000728061 П 820(73)-31/С 76 120000728061 1 6.13 Дост: Pk Вид: Ф N: 263 Дата: 18.08.2008 Дата инв: 13.02.2018 Бележки инв: П2018 Книги
Изтеглен Не е изгубен   Не е повреден без рестрикции заемане за дома 130358 Регионална библиотека "Любен Каравелов" Русе Регионална библиотека "Любен Каравелов" Русе Заемна - подръчен фонд 2008-08-19 Заемна - подръчен фонд 11.99 120000728062 П 820(73)-31/С 76 120000728062 2 6.13 Дост: Pk Вид: Ф N: 263 Дата: 18.08.2008 Дата инв: 13.02.2018 Бележки инв: П2018 Книги
  Не е изгубен Universal Decimal Classification Не е повреден без рестрикции заемане за дома 130359 Регионална библиотека "Любен Каравелов" Русе Регионална библиотека "Любен Каравелов" Русе Заемна - подръчен фонд 2008-08-19 Заемна - подръчен фонд 11.99 120000728063 П 820(73)-31/С 76 120000728063 3 6.13 Дост: Pk Вид: Ф N: 263 Дата: 18.08.2008 Дата инв: 13.02.2018 Бележки инв: П2018 Книги
Изтеглен Не е изгубен Universal Decimal Classification Не е повреден без рестрикции заемане за дома 130360 Регионална библиотека "Любен Каравелов" Русе Регионална библиотека "Любен Каравелов" Русе Заемна - подръчен фонд 2008-09-16 Заемна - подръчен фонд 11.99 120000729024 П 820(73)-31/С 76 120000729024 4 6.13 Дост: Pk Вид: Ф N: 264 Дата: 16.09.2008 Дата инв: 19.02.2018 Бележки инв: П2018 Книги
  Не е изгубен   Не е повреден без рестрикции ползва се в читалня 130361 Регионална библиотека "Любен Каравелов" Русе Регионална библиотека "Любен Каравелов" Русе Хранилище 2012-03-07 Хранилище 11.99 120000756458 Цб 240782 120000756458 5 6.13 Дост: Dp Вид: Д N: 17 Дата: 26.04.2011 Книги
Изтеглен Не е изгубен   Не е повреден без рестрикции заемане за дома 130362 Регионална библиотека "Любен Каравелов" Русе Регионална библиотека "Любен Каравелов" Русе Заемна - подръчен фонд 2015-12-28 Заемна - подръчен фонд 11.99 120000796394 П 820(73)-31/С 76 120000796394 6 6.13 Дост: DA Вид: А N: 27 Дата: 28.12.2015 Дата инв: 23.02.2018 Бележки инв: П2018 Книги
Vip Innovations Ltd, Rousse, Bulgaria 2025